¿Donde empieza y donde termina la ciudad de Barcelona : estudio demográfico de la Barcelona Condal, Comarcal y Metropolitana durante el presente siglo / Enrique Miralbell Andreu estudio demográfico de la Barcelona Condal, Comarcal y Metropolitana durante el presente siglo / Enrique Miralbell Andreu
Descripción Física:
63 p. ; 22 cm
Materias:
Demografia -- Barcelona
MARC
| LEADER | 00000nam a2200000Ia 4500 | ||
|---|---|---|---|
| 001 | 1829 | ||
| 008 | 160829s9999 xx 000 0 cat d | ||
| 080 | |a M-3-310 | ||
| 100 | |a Miralbell Andreu, Enrique |9 25128 | ||
| 245 | |a ¿Donde empieza y donde termina la ciudad de Barcelona : |b estudio demográfico de la Barcelona Condal, Comarcal y Metropolitana durante el presente siglo / Enrique Miralbell Andreu | ||
| 260 | |a [Premia de Mar] : |b Greco, DL 1972 | ||
| 300 | |a 63 p. ; |c 22 cm | ||
| 650 | |a Demografia |x Barcelona |9 25129 | ||
| 901 | |a Arxiu | ||
| 942 | |n 1 | ||
| 952 | |0 0 |1 0 |4 0 |6 M3310 |7 1 |9 43460 |a Arxiu |b Arxiu |d 2016-12-01 |l 0 |o M-3-310 |p 1829 |r 2016-12-01 00:00:00 |w 2016-12-01 |y ARXIU | ||
| 999 | |c 46006 |d 46006 | ||